000 00743nam a2200205 a 4500
999 _c3107
_d3107
001 3107
003 BD-JhCC
005 20171109203648.0
008 171109s1970 bg ||||| |||| 000 0 ben d
035 _a(BD-JhCC)
040 _aBD-JhCC
_dBD-JhCC
041 _aben
082 _a891.442
_bSHA 1970
100 _aশেক্সপীয়র, উইলিয়াম
245 _aমুখরা রমনী বশীকরণ /
_cউইলিয়াম শেক্সপীয়র; মুনীর চৌধুরী (অনুবাদ)
260 _aঢাকা :
_bলেখক সংঘ প্রকাশনী ;
_c১৯৭০
300 _a১০২পৃ.;
_c২২ সেমি
650 _aBengali Drama
942 _2ddc
_cBK